Changing role of trade unions : a paradigm shift (Record no. 185254)

MARC details
000 -LEADER
fixed length control field 00489nam a2200169Ia 4500
005 - DATE AND TIME OF LATEST TRANSACTION
control field 20250320143046.0
008 - FIXED-LENGTH DATA ELEMENTS--GENERAL INFORMATION
fixed length control field 231217s9999 xx 000 0 und d
020 ## - INTERNATIONAL STANDARD BOOK NUMBER
International Standard Book Number 9788131419618
082 ## - DEWEY DECIMAL CLASSIFICATION NUMBER
Classification number 331.88 SIN;1 R
100 ## - MAIN ENTRY--PERSONAL NAME
Personal name Singh, Sanjeev Kumar ed.
245 #0 - TITLE STATEMENT
Title Changing role of trade unions : a paradigm shift
250 ## - EDITION STATEMENT
Edition statement 1st ed.
260 ## - PUBLICATION, DISTRIBUTION, ETC. (IMPRINT)
Date of publication, distribution, etc. 2008
Name of publisher, distributor, etc. Icfai University press
Place of publication, distribution, etc. Hyderabad
300 ## - PHYSICAL DESCRIPTION
Extent ix, 242
650 ## - SUBJECT ADDED ENTRY--TOPICAL TERM
Topical term or geographic name as entry element Changing,role,trade,unions,paradign,shift
942 ## - ADDED ENTRY ELEMENTS (KOHA)
Koha item type Books
Holdings
Date last seen Total Checkouts Full call number Accession number Old discount Uniform Resource Identifier Cost, replacement price Price effective from Category Lost status Damaged status Department Withdrawn status bill no. bill date Permanent Location Current Location Shelving location Entry date Vendor Cost, normal purchase price Grants Currency symbol Conversion rate Discount Discount type Public note
26/01/2024   331.88 SIN;1 R 58802 20 digital/contents/58802.pdf 340.00 26/01/2024 Books     Central Library   218/Icfai/09-10/BLR 25/04/2014 Central Library Central Library Central Library 19/03/2010 IUCP 425.00 MBA RS 1 85 Rupees  
26/01/2024   331.88 SIN;2 R1 66222   digital/contents/58802.pdf 38.00 26/01/2024 Books     Central Library   1993 20/09/2014 Central Library Central Library Central Library 18/10/2010 ICFAI Press 38.00 MBA RS 1   Rupees 66222

© For any Suggestions or Query, please contact the library staff @ librarian@pes.edu or Phone: +9180 2672 1983/ 2108.